00303nam a2200121Ia 4500008005000000041000800050082001100058100001800069245003300087260003500120300001900155440000700174240112s1969/JAN-JUNE xx 000 0 und d aeng a616.05 aELKINTON J.R. aANNUALS OF INTERNAL MEDICINE bLANCASTER PRESSc1969/JAN-JUNE a1320,HBc(1-6) v70